000 00719nam a2200205Ia 4500
003 GCL
008 140319s9999 xx 000 0 ara d
040 _aGCL /
_cGCL
082 0 4 _aق
_b962.069
_bم ع
100 1 _aمصلحة الاثار المصرية
245 1 0 _aالعيد المئوى للمعهد العلمى الفرنسى للأثار الشرقية المتحف المصرى /
_cمصلحة الاثار المصرية
260 _a[S.N] :
_bمصلحة الاثار المصرية ،
_c1981
300 _a390+122
490 _a
650 0 4 _aمصر القديمة
650 0 4 _aالاثار الفرعونية
650 0 4 _aالمتحف المصرى
650 0 4 _aالقاهرة
942 _2ddc
_cBK
999 _c52438
_d52438